Inflammation-inducing effect of phospholipase A2 from Chinese Cobra (Naja Naja Atra) on rat knee joint /
Saved in:
| 主要作者: | |
|---|---|
| 格式: | Thesis 圖書 |
| 語言: | English |
| 出版: |
1999.
|
| 主題: | |
| 標簽: |
添加標簽
沒有標簽, 成為第一個標記此記錄!
|
| LEADER | 00778cam a2200241 a 4500 | ||
|---|---|---|---|
| 001 | u457907 | ||
| 003 | SIRSI | ||
| 008 | 981209s1999 si v 0 eng | ||
| 035 | |a ACJ-9556 | ||
| 040 | |a UMP | ||
| 096 | |a WD410 |b Zha 1999 | ||
| 100 | 0 | |a Zhang, Chi. | |
| 245 | 1 | 0 | |a Inflammation-inducing effect of phospholipase A2 from Chinese Cobra (Naja Naja Atra) on rat knee joint / |c Zhang Chi. |
| 260 | 0 | |c 1999. | |
| 300 | |a xi, 104 leaves : |b ill. ; |c 30 cm. | ||
| 502 | 0 | 0 | |a Thesis (M.Sc.) -- National University of Singapore, 1999. |
| 504 | |a Bibliography : p. 90-104 | ||
| 650 | 2 | |a Snake Venoms. | |
| 650 | 2 | |a Cobra Venoms. | |
| 650 | 2 | |a Arthritis. | |
| 948 | |a 27/04/2000 |b 15/05/2000 | ||
| 596 | |a 2 | ||
| 999 | |a WD410 ZHA 1999 |w NLM |c 1 |i A503014508 |l STACKS |m P02MEDKL |r Y |s Y |t TESIS |u 25/5/2000 | ||
